000 00500nam a2200181Ia 4500
008 090124s9999 xx 000 0 und d
082 _b4803
100 _aगोरे भा. म.
245 _a विश्रांती
250 _a1
260 _bदा. ना. मोघे
_c1942
300 _a142
600 _aगोरे भा. म.
630 _a विश्रांती
700 _aगोरे भा. म.
730 _a विश्रांती
942 _cBOOK
999 _c83891
_d83891